Bên kia biên giới Tiểu thuyết

שמור ב:
מידע ביבליוגרפי
מחבר ראשי: Lê Khâm
פורמט: ספר
שפה:Vietnamese
יצא לאור: H. Văn học 1978
נושאים:
תגים: הוספת תג
אין תגיות, היה/י הראשונ/ה לתייג את הרשומה!
Thư viện lưu trữ: Mạng thư viện Đại học Đà Nẵng
LEADER 00994nam a22003258a 4500
001 000005385
003 1529
005 20120417080404.0
008 110816s1978 b 000 0 vieod
020 |c 7000  |d 26200b 
041 0 |a vie 
082 |a 895.9223  |b LE-K 
084 |a V6  |b B254K 
100 1 |a Lê Khâm 
245 1 0 |a Bên kia biên giới  |b Tiểu thuyết  |c Lê Khâm 
260 |a H.  |b Văn học  |c 1978 
300 |a 174tr  |c 19cm 
653 |a Văn học hiện đại 
653 |a Việt Nam 
653 |a tiểu thuyết 
OWN |a LSP 
AVA |a UDN50  |b LSP  |d 895.9223 LE-K  |e available  |t Error 5001 Not defined in file expand_doc_bib_avail.  |f 1  |g 0  |h N  |i 0  |k 1 
999 |a From the UDN01 
AVA |a UDN50  |b LSP  |d 895.9223 LE-K  |e available  |t Error 5001 Not defined in file expand_doc_bib_avail.  |f 1  |g 0  |h N  |i 0  |k 1 
TYP |a Monograph 
TYP |a Printed language 
980 |a Mạng thư viện Đại học Đà Nẵng